| 000 | 00906nam a22002537a 4500 | ||
|---|---|---|---|
| 999 |
_c65045 _d65045 |
||
| 005 | 20240530110804.0 | ||
| 008 | 190224s2018 ua g b 000 0 ara d | ||
| 017 |
_a27496 _bمصر. دار الكتب |
||
| 020 | _a9789773772338 | ||
| 040 |
_aEG-CaGPL _cEG-CaGPL |
||
| 082 | 0 | 4 |
_221 _a152.4/ _bع إ |
| 100 | 0 | _aعمارة عبدالغنى | |
| 245 | 1 | 0 |
_aادارة الالم : _bدليلك الى ترويض المشاعر والازمات العاطفية / _cتاليف عمارة عبدالغنى |
| 250 | _aط.1 | ||
| 260 |
_aالقاهرة : _bمجموعة النيل العربية ، _c2018. |
||
| 300 |
_a215 ص. ؛ _c24 سم. |
||
| 504 | _aيشتمل على ارجاعات ببليوجرافية | ||
| 650 | 0 | 7 |
_2qrmak _aالسلوك |
| 650 | 0 | 7 |
_2qrmak _aالعواطف |
| 650 | 0 | 7 |
_2qrmak _aالسلوك |
| 651 | _2qrmak | ||
| 942 |
_2ddc _cBK |
||